000
00249nam a22001097a 4500
082
_a
001 IQB'K
100
_a
IQBAL, MOHAMMAD ZAFAR
_9
76059
245
_a
KHAZANA MALOOMAT AAMA
260
_a
KARACHI
_b
SHEIKH SONS
_c
1975
300
_a
640P
942
_c
BK
999
_c
581468
_d
581468